000 01022nam a2200277Ia 4500
003 OSt
005 20220923231000.0
006 a|||||r|||| 00| 0
007 ta
008 220922b |||||||| |||| 00| 0 hin d
020 _c650
024 _a336,260
037 _b399, 13/03/2018, Eastern Book Linkers
_cTextual
040 _aARTS
_cARTS
_bhin
041 _2hin
_ahin
082 _aO44(Y5927):g, 152Q5
100 _aनेगी, कमलेश सिंह, संपा.
245 0 _aदलित साहित्य के सरोकार
246 _aDalit sāhitya ke sarokāra
260 _aदिल्ली
_b अनंग प्रकाशन
_c2015
300 _a303पृ.
_ccm.
650 _a दलित साहित्य
650 _aहिन्दी साहित्य
_9156264
942 _hO44(Y5927):g, 152Q5
_cTEXL
_2CC
999 _c388590
_d388590